000 00854nam a22002417a 4500
005 20250416125833.0
008 250416b |||||||| |||| 00| 0 eng d
020 _a978-81-19857-64-7 (hbk)
037 _cTB
040 _aCRL
_cCRL
041 _2pun
_apun
084 _aO153,6x R4
100 _aਸੁਰਿੰਦਰ ਰਾਮਪੁਰੀ
245 _aਕਿਸੇ ਬਹਾਨੇ
260 _aਪਟਿਆਲਾ, ਭਾਰਤ:
_bਔਟਉਮੰ ਆਰਟ,
_c2024.
300 _a132 ਪ.
365 _b175.00
_cINR
650 _aਸਾਹਿਤ
650 _aਪੁਜਾਬੀ ਨਿਬੰਧ
650 _aਪੰਜਾਬੀ ਸਾਹਿਤ
942 _2CC
_cTB
_hO153,6x R4
_n0
999 _c1309052
_d1309052